000 00611nam a2200229Ia 4500
003 OSt
005 20220924132454.0
006 a|||||r|||| 00| 0
007 ta
008 220923b |||||||| |||| 00| 0 san d
024 _a57921
037 _cTextual
040 _aARTS
_cARTS
_bsan
041 _2san
_asan
082 _aQ1:21:9x24, 15B (P15)
100 _aDayanand
_92007
245 0 _aVeda tattva prakash
_b rigvedadi bhasya bhumika ed by Sukhadev
260 _c1880
650 _aRELIGION
942 _hQ1:21:9x24, 15B (P15)
_cTEXL
_2CC
999 _c430335
_d430335